000 01237nam a22002537a 4500
003 OSt
005 20210315113421.0
008 210315n200? ck abo|gr|||| 00| 0 spa d
020 _a9789584425201
040 _aCO-JMCR
_cCO-JMCR
041 0 _aspa
082 0 4 _a338.98 /
_bJ371y
_223
100 1 _aJaramillo López, Germán,
_eautor
_936087
245 1 0 _aYumbo :
_bregión empresarial de Colombia /
_cGermán Jaramillo López ; fotografías, Mónica Gil Marín, Jaime Saldarriaga, José Luís Guzmán, [y 3 más]
260 _aYumbo, Colombia :
_bFedy,
_c[2001?]
300 _a185 páginas :
_bilustraciones y fotografías a color ;
_c32 cm.
505 _aFedy y sus 25 años -- Historia de Yumbo -- El municipio -- Territorial de oportunidades -- Gente y cultura -- Yumbo y sus regiones -- Yumbo y su realidad virtual -- yumbo: un motor de la económica del Valle -- Yumbo y sus retos -- Testimonios empresarial
650 1 4 _aYumbo
_zValle del Cauca ( Colombia)
_936088
650 2 4 _aYumbo (Valle del Cauca)
_vHistoria
_zColombia
_936089
700 1 _aGil Marín, Mónica,
_efotógrafa
_936090
700 1 _aSaldarriaga, Jaime,
_efotógrafo
_936091
700 1 _aGuzmán, José Luís,
_efotógrafo
_936092
942 _2ddc
_cBK
999 _c15376
_d15376